000
00325nam a22001337a 4500
008
170221b xxu||||| |||| 00| 0 eng d
020
_a
9780683305722
041
_a
eng
080
_2
7TH
_a
615
100
_a
5
101
_a
SHF
245
_a
PHARMACEUTICAL DOSAGE FORMS AND DRUG DELIVERY SYSTEMS
_c
ANSEL, H.C
942
_2
udc
_c
BK
999
_c
5959
_d
5959